00423nam a22001577a 450000500170000000800410001702000270005804000090008504100110009408200150010510000170012024500700013726000300020730000080023765000200024520260530163854.0260530b |||||||| |||| 00| 0 eng d a9783111270258c3736.15 aMAIN aGerman a304.8bEZL aEzli, Ozkan  aNarrative Der Migrationb: Eine andere deutsche Kulturgeschichte  aBerlin bDe Gruyterc2023 a761 aGerman Language